Sprostredkovanie poistenia bakalárska práca

Gespeichert in:
Bibliographische Detailangaben
1. Verfasser: Pribulová, Lucia
Körperschaft: Národohospodárska fakulta EU. Katedra poisťovníctva
Weitere Verfasser: Serinová, Katarína
Format: Buch
Sprache:Slowakisch
Veröffentlicht: Bratislava 2009
Tags: Tag hinzufügen
Keine Tags, Fügen Sie das erste Tag hinzu!

MARC

LEADER 00000nam$a2200000$$$4500
001 0099661
005 20240318130542.0
041 0 |a slo 
044 |a SK 
245 1 0 |a Sprostredkovanie poistenia  |b bakalárska práca  |c Lucia Pribulová ; škol. Katarína Serinová 
264 1 |a Bratislava  |c 2009 
300 |a 40 s. 
100 1 |a Pribulová, Lucia 
700 1 |a Serinová, Katarína 
710 2 |a Národohospodárska fakulta EU. Katedra poisťovníctva